ბათუმის შოთა რუსთაველის სახელმწიფო უნივერსიტეტის ბიბლიოთეკა

ჩანაწერი Personal Name

ჩანაწერთა რაოდენობა, რომელიც გამოყენებულია: 1

001 - CONTROL NUMBER

  • control field: 7361

003 - CONTROL NUMBER IDENTIFIER

  • control field: GE_BSU

005 - DATE AND TIME OF LATEST TRANSACTION

  • control field: 20200224110107.0

008 - FIXED-LENGTH DATA ELEMENTS

  • fixed length control field: 200224|| aca||aabn | a|a d

040 ## - CATALOGING SOURCE

  • Original cataloging agency: GE_BSU
  • Transcribing agency: GE_BSU

100 ## - HEADING--PERSONAL NAME

  • Personal name: Thompson, Margaret W.
  • Fuller form of name: (Margaret Wilson),
  • Dates associated with a name: 1920-
  • Title of a work: Thompson &Thompson genetics in medicine.
  • Relator term: ავტორი

670 ## - SOURCE DATA FOUND

  • Source citation: Work cat.: (GE_BSU)53643: Nussbaum, Robert L., 1950- 7357, Thompson & Thompson genetics in medicine.